Aufbau von Fischlarve - Statistics

General Stats
  • This quiz has been taken 6 times
  • The average score is 9 of 12
Answer Stats
Picture Answer % Correct
1. Auge
100%
6. Chorda dorsalis
100%
10. Dotter
75%
11. Herz
75%
12. Nasenloch
75%
2. Ohrkapsel
75%
3. Brustflosse
75%
4. primärer Flossensaum
75%
5. Myomer
75%
8. After
75%
9. ölkugel
50%
7. Harnleiter
25%
No matching quizzes found
Score Distribution
Percent of People with Each Score
Percentile by Number Answered
Your Score History
You have not taken this quiz